000 00752nam a22002415a 4500
005 20160316100338.0
008 160316r20102005ii a fr 001 0 eng d
020 _a8188449121
040 _aEG-ScBUE
_beng
_cEG-ScBUE
082 0 4 _a615.1068
_bSAG
_222
100 1 _aSagar, G. Vidya.
_939567
245 1 0 _aPharmaceutical industrial management /
_cG. Vidya Sagar.
250 _a3rd reprint ed.
260 _aHyderabad :
_bPharmaMed Press / Pharma Book Syndicate,
_c2010.
300 _axix, 365 p. :
_bill. ;
_c24 cm.
500 _aIndex : p. [363]-365.
500 _aIncludes appendix.
500 _aReprint of the 2005 ed.
650 0 _aPharmaceutical industry
_xManagement
_2BUEsh
651 _2BUEsh
653 _bPPhrm
_cMarch2016
942 _2ddc
999 _c21427
_d21399